Top 100 baby girl names in 1960 - Statistics

General Stats
  • This quiz has been taken 175 times
  • The average score is 60 of 100
Answer Stats
Hint Answer % Correct
1 M Mary
99%
88 A Anne
97%
42 C Catherine
92%
82 K Kathryn
92%
81 K Katherine
91%
3 L Linda
90%
2 S Susan
89%
78 S Suzanne
89%
86 J Jean
88%
7 P Patricia
88%
25 L Laura
84%
4 K Karen
83%
6 L Lisa
83%
51 A Ann
82%
18 E Elizabeth
82%
23 C Carol
81%
67 J Jane
81%
80 J Joan
80%
99 J Joanne
80%
59 M Maria
80%
43 C Carolyn
78%
12 B Barbara
77%
5 D Donna
76%
28 J Julie
76%
40 C Christine
75%
36 M Margaret
75%
53 D Diana
74%
22 D Diane
74%
61 J Jennifer
71%
15 N Nancy
70%
32 J Janet
69%
98 R Rose
69%
11 S Sandra
69%
19 T Teresa
69%
35 T Theresa
69%
95 D Dorothy
68%
38 R Rebecca
68%
13 B Brenda
67%
10 D Deborah
67%
8 D Debra
67%
14 P Pamela
66%
63 W Wendy
65%
89 M Michele
63%
39 M Michelle
63%
55 P Paula
63%
68 B Betty
61%
27 K Kathleen
61%
34 K Kim
61%
16 S Sharon
60%
77 A Amy
57%
91 S Stephanie
57%
46 T Tina
57%
9 C Cynthia
56%
94 E Ellen
56%
52 K Kelly
56%
26 K Kimberly
56%
37 L Laurie
56%
97 R Ruth
56%
83 M Martha
54%
17 C Cheryl
52%
45 C Cathy
51%
29 D Denise
51%
85 J Jacqueline
51%
48 J Judy
51%
21 K Kathy
51%
41 J Janice
50%
66 W Wanda
50%
65 V Valerie
49%
74 J Judith
48%
31 T Tammy
48%
50 A Angela
47%
64 L Lynn
47%
72 B Beth
46%
96 R Rita
46%
70 S Shirley
46%
30 C Cindy
45%
71 B Bonnie
44%
24 D Debbie
43%
76 J Jill
43%
20 L Lori
43%
56 S Sheila
43%
49 T Terri
43%
44 R Rhonda
42%
92 L Leslie
41%
57 D Dawn
39%
84 T Tracy
39%
93 R Renee
38%
62 A Annette
36%
47 C Connie
36%
58 J Joyce
36%
75 D Darlene
34%
79 G Gloria
34%
54 S Sherry
33%
90 G Gail
32%
69 P Peggy
31%
73 V Vicki
31%
100 V Vickie
31%
87 A Anita
28%
60 B Beverly
25%
33 R Robin
20%
No matching quizzes found
Score Distribution
Percent of People with Each Score
Percentile by Number Answered
Your Score History
You have not taken this quiz